000 00508nam a2200157 a 4500
001 000041338
005 20201002034813.0
008 131001s1999 ag 000 0 spa d
020 _a950586115x
040 _aDO-SdBNP
_bspa
_cBNPHU
082 _axxx
_bxxxx
100 1 _aHonorio Rey, Jorge Esteban
_967980
245 1 0 _aSólo de noche se ven las estrellas. :
_bla escala de Jorge Haddad /
_cJorge Estaban Honorio Rey.
260 _aBuenos Aires, Argentina :
_bCiudad Nueva,
_c1999.
300 _a126 p. ;
_c20 cm.
999 _c40828
_d40828